01786 2200301 4500001002100000005001500021035002000036008004100056020002200097041000800119082001200127084001800139100002200157245005200179260003100231300003500262500002300297504001400320520082400334650007601158650010001234990002501334990002501359990002501384990002501409990002501434990002501459INLIS00000000000284820221110095236 a0010-0520002848221110 | | eng  a978-041-539-577-9 aeng a320.951 a320.951 LOS p0 aLoSonny Shiu-Hing1 aPolitical Change in Macao /cSonny Shiu-Hing Lo aLondon :bRoutledge,c2008 ax, 166p. :b: illus. ;c24 cm. aIndeks : p.162-166 ap.155-161 aThis book analyse the status of political life in Macao, the writer examines the Portuguese legacy and the transition from the Portuguese administration to the legitimacy-building efforts of the new Macao Special Administrative Region (MSAR) government. It also includes fascinating discussion of: the governing philosophy of the new Chief Executive Edmund Ho and the dynamic economic development resulting from this, the changes in citizen participation, the reforms directed at the bureaucracy, the management of casino franchises and operations, the changing political economy of regional rivalries and coordination, including relations with Hong Kong, Zhuhai, and Shenzhen, organized crime in Macao. As a comprehensive study of this city, it will be an invaluable resource for students and scholars in that subject. 4aMacau (China : Special Administrative Region) - Politics and government 4aMacau (China : Special Administrative Region) - History - Transfer of Sovereignty from Portugal a10574/MKRI-P/XI-2008 a10575/MKRI-P/XI-2008 a10575/MKRI-P/XI-2008 a10574/MKRI-P/XI-2008 a10574/MKRI-P/XI-2008 a10575/MKRI-P/XI-2008